| 000 | 00330nam a2200133Ia 4500 | ||
|---|---|---|---|
| 005 | 20251222155124.0 | ||
| 008 | 251222s9999||||xx |||||||||||||| ||spa|| | ||
| 082 | _aETI.46 | ||
| 100 | _aBRUSCO, Angelo. | ||
| 245 | 0 | _aHumanización de la Asistencia al Enfermo | |
| 250 | _a1ra. ed. | ||
| 264 | _bReligiosos Camilos | ||
| 942 | _cLIB | ||
| 999 |
_c38548 _d38548 |
||